01429nam a2200253 a 450000100100000000500170001000800410002704000250006808200180009310000310011124501420014224601210028426000660040530000290047150000640050059000260056465000330059091000380062395201300066195201300079195201160092195201210103799900170115800001707920200929165020.0100317s19uu dr r 000 0 spa d aDO-SdBNPbspacBNPHU a795.32bN638j1 aNicolás C., Frank93767213aEl juego de domino :bpráctica, teoría y reglamentos, además los juegos : pintintin, la americana, combiniche /cFrank Nicolás C.14aEl juego de domino :bpráctica, teoría y reglamentos, además los juegos : pintintin, la americana, combiniche. a[Santo Domingo ?] :bCerveceria Nacional Dominicana,c[199?]. a104 p. :bil., ;c22 cm. aIncluye datos biográficos del autor en la contracubierta. aInventariado, 2018/BT 4aDominóxReglamentos937673 aValidado. Control de calidad. MFF 001054708DSaGRbGRcHDd2010-03-17iLF1l0o795.32 N638jp17079-30r2020-06-25te.3w2020-06-25yLFDSZPréstamo en sala 001054708DSaGRbGRcHDd2010-03-17iLF1l0o795.32 N638jp17079-40r2020-06-25te.4w2020-06-25yLFDSZPréstamo en sala 0010718PDaPDbPDcHDd2010-03-17iLF1l0o795.32 N638jp17079-10r2020-06-25w2020-06-25yLFPDZNo se presta 0010718PDaPDbPDcHDd2010-03-17iLF1l0o795.32 N638jp17079-20r2020-06-25te.2w2020-06-25yLFPDZNo se presta c16605d16605